| 000 | 00974nam a2200253Ia 4500 | ||
|---|---|---|---|
| 003 | OSt | ||
| 005 | 20220923211450.0 | ||
| 006 | a|||||r|||| 00| 0 | ||
| 007 | ta | ||
| 008 | Pun | ||
| 020 |
_a9789350687017 (hbk) _c250 |
||
| 024 | _a282,564 | ||
| 037 |
_b866, 14/08/2014, H.K. Prakashan _cTextual |
||
| 040 |
_aARTS _cARTS _bPun |
||
| 041 |
_2Pun _aPun |
||
| 082 | _aO153,2NDA,SJ, Q4 | ||
| 100 |
_aਬਹਿਲ, ਨਵਨਿੰਦਰਾ _9156272 |
||
| 245 | 0 |
_aਸਾਡਾ ਜੱਗੋ੍ਵ ਸੀਰ ਮੁੱਕਿਆ _b ਬਲਦੇਵ ਸਿੰਘ ਧਾਲੀਵਾਲ ਦੀ ਕਹਾਣੀ ਕਾਰਗਿਲ ਉੱਤੇ ਆਧਾਰਿਤ |
|
| 260 |
_aਚੰਡੀਗੜ _b ਲੋਕਗੀਤ ਪ੍ਰਕਾFਨ _c2014 |
||
| 300 |
_a136ਪੰ _ccm. |
||
| 650 | _aਪੰਜਾਬੀ ਸਾਹਿਤ | ||
| 942 |
_hO153,2NDA,SJ, Q4 _cTEXL _2CC |
||
| 999 |
_c299794 _d299794 |
||